Statistics for Malaysia First Level Subdivisions

Click here to take the quiz!

General Stats

  • This quiz has been taken 38 times
  • The average score is 11 of 16

Answer Stats

Negeri% Correct
Kuala Lumpur
100%
Sarawak
82%
Penang
82%
Johor
73%
Melaka / Malacca
73%
Sabah
73%
Labuan
73%
Perak
64%
Perlis
64%
Kedah
55%
Kelantan
55%
Negeri Sembilan
55%
Pahang
55%
Selangor
55%
Terengganu
55%
Putrajaya
55%

Score Distribution

Percentile by Number Answered

Percent of People with Each Score

Your Score History

You have not taken this quiz